| 000 | 00743cam a2200229 a 4500 | ||
|---|---|---|---|
| 001 | 2031236 | ||
| 005 | 20180917034335.0 | ||
| 008 | 920331s1992 nyua b 001 0deng | ||
| 010 | _a 92014399 | ||
| 040 |
_aDLC _cDLC _dDLC |
||
| 041 | _aeng | ||
| 043 |
_an-us--- _an-us-dc |
||
| 080 | _a975.3 CAR | ||
| 082 | 0 | 0 |
_a975.3 CAR _220 |
| 100 | 1 | _a16 | |
| 101 | _aHIS | ||
| 245 | 1 | 0 |
_aInside the White House : _cBetty Boyd Caroli. |
| 504 | _aIncludes bibliographical references (p. 217) and index. | ||
| 906 |
_a7 _bcbc _corignew _d1 _eocip _f19 _gy-gencatlg |
||
| 942 |
_2ddc _cBK |
||
| 999 |
_c47830 _d47830 |
||